[Event "13sen.WMH 2003 Senioren"]
[Site "Bad Zwischenahn(17.11.-29.11.2003)"]
[Date "2003.11.29"]
[Round "7"]
[White "Nolte, Wilhelm"]
[Black "Knab, Horst"]
[Result "1-0"]
[WhiteElo "1670"]
[BlackElo "1541"]
[PlyCount "171"]


1. e4 g6 2. d4 Bg7 3. Be3 Nf6 4. Nc3 d6 5. Be2 Nbd7 6. f4 b6 7. Bf3 e5 8. Nge2
Bb7 9. O-O O-O 10. Ng3 exf4 11. Bxf4 Re8 12. Qd2 Re7 13. Rad1 Qf8 14. Rfe1 a6
15. Bg5 Rae8 16. Qf4 h6 17. Bxf6 Bxf6 18. Qg4 Qg7 19. Nge2 Bc8 20. Nd5 Nf8 21.
Nxe7+ Bxe7 22. Qg3 Ne6 23. Qf2 Ng5 24. Nc3 Nxf3+ 25. Qxf3 h5 26. h3 Bf6 27. Ne2
Bb7 28. Rf1 Rxe4 29. Qxf6 Qxf6 30. Rxf6 Rxe2 31. Rf2 Re7 32. d5 Bc8 33. Rd3 Bf5
34. Rg3 Kh7 35. c4 Re1+ 36. Kh2 Re4 37. b3 Kh6 38. Rgf3 Kg5 39. g3 Kf6 40. Rf4
Ke5 41. Rxe4+ Kxe4 42. Re2+ Kd4 43. Re7 Bb1 44. a3 Ba2 45. Rxc7 Bxb3 46. Rc6
Bxc4 47. Rxd6 b5 48. Rb6 Kxd5 49. Rxa6 Kc5 50. Ra7 Bb3 51. Kg2 Kd4 52. Kf2 Kc3
53. Ke3 Kb2 54. h4 Ba4 55. Rxf7 Kxa3 56. Kd2 Kb2 57. Rb7 Ka3 58. Kc3 Ka2 59.
Rb6 Ka3 60. Rb7 Ka2 61. Kb4 Kb2 62. Rb6 Bc2 63. Rxb5 Kc1 64. Kc3 Bf5 65. Rd5
Bg4 66. Rd2 Bf5 67. Rd4 Kb1 68. Kd2 Kb2 69. Ke3 Kc3 70. Rd6 Kc4 71. Kf4 Kc5 72.
Rd8 Kc6 73. Kg5 Kc7 74. Rg8 Kd7 75. Rxg6 Bg4 76. Rh6 Ke7 77. Rxh5 Bxh5 78. Kxh5
Kf6 79. g4 Kg7 80. Kg5 Kh7 81. Kf6 Kg8 82. g5 Kf8 83. g6 Kg8 84. h5 Kf8 85. g7+
Kg8 86. h6 1-0

[Event "13sen.WMH 2003 Senioren"]
[Site "Bad Zwischenahn(17.11.-29.11.2003)"]
[Date "2003.11.29"]
[Round "7"]
[White "Oelert, Ralf"]
[Black "Neese, Hans-Joachim"]
[Result "1-0"]
[WhiteElo "1944"]
[BlackElo "2132"]
[PlyCount "45"]


1. d4 Nf6 2. e3 d5 3. Bd3 Nc6 4. f4 Nb4 5. Nf3 Nxd3+ 6. cxd3 e6 7. O-O Be7 8.
Qe1 O-O 9. b3 b6 10. Ne5 Bb7 11. Rf3 Ne8 12. Rh3 Nd6 13. Ba3 Rc8 14. Nd2 c5 15.
Ndf3 h6 16. Rc1 Qe8 17. dxc5 Nb5 18. Bb2 bxc5 19. Qg3 Nd6 20. Ng4 f6 21. Nxh6+
Kh7 22. Nf5+ Kg8 23. Qxg7# 1-0

[Event "13sen.WMH 2003 Senioren"]
[Site "Bad Zwischenahn(17.11.-29.11.2003)"]
[Date "2003.11.29"]
[Round "7"]
[White "Ollek, Karl-Heinz"]
[Black "Grasmik, Waldemar"]
[Result "0-1"]
[WhiteElo "1606"]
[BlackElo "1506"]
[PlyCount "84"]


1. f4 e5 2. fxe5 Nc6 3. Nf3 g5 4. d4 g4 5. Ng5 d6 6. exd6 Bxd6 7. g3 Bf5 8. Bg2
Nxd4 9. e4 Bg6 10. O-O Bc5 11. Kh1 h6 12. c3 hxg5 13. cxd4 Bxd4 14. Nc3 a6 15.
Qxg4 Nf6 16. Qxg5 Rh5 17. Qf4 Be5 18. Qf3 Qe7 19. Ne2 O-O-O 20. Nf4 Bxe4 21.
Qe2 Bxg2+ 22. Kxg2 Rh7 23. Re1 Nd7 24. Be3 Qd6 25. Rad1 Qc6+ 26. Kg1 Rg8 27.
Qg2 Qxg2+ 28. Kxg2 Rgh8 29. h4 Bxb2 30. Re2 Be5 31. Bc1 f6 32. Ng6 Rg8 33. h5
b5 34. g4 Kb7 35. Kf3 f5 36. gxf5 Rxh5 37. Kg4 Nf6+ 38. Kf3 Rxf5+ 39. Bf4 Bxf4
40. Nxf4 Nh5 41. Re4 Rg3+ 42. Kf2 Ra3 0-1

[Event "13sen.WMH 2003 Senioren"]
[Site "Bad Zwischenahn(17.11.-29.11.2003)"]
[Date "2003.11.29"]
[Round "7"]
[White "Peleikis, Horst"]
[Black "Schubert, Hans-Joachim[36AUT]"]
[Result "1/2-1/2"]
[WhiteElo "1916"]
[BlackElo "1805"]
[PlyCount "58"]


1. e4 e5 2. Nf3 Nc6 3. Bb5 a6 4. Ba4 d6 5. c3 Bd7 6. d4 Qe7 7. O-O g6 8. Re1
Bg7 9. h3 h6 10. d5 Nd8 11. Bc2 Nf6 12. Nbd2 Nh5 13. Nf1 O-O 14. c4 f5 15. exf5
Bxf5 16. Bxf5 gxf5 17. Bd2 Qf7 18. Qc1 Kh7 19. Qc2 e4 20. N3h2 Be5 21. Kh1 Rg8
22. g4 Qg6 23. f3 Nf7 24. Re2 Ng5 25. Bxg5 Qxg5 26. Rae1 fxg4 27. fxg4 Raf8 28.
Nd2 Kh8 29. Nxe4 Qh4 1/2-1/2

[Event "13sen.WMH 2003 Senioren"]
[Site "Bad Zwischenahn(17.11.-29.11.2003)"]
[Date "2003.11.29"]
[Round "7"]
[White "Polk, Maria"]
[Black "Jessen, Ernst"]
[Result "0-1"]
[WhiteElo "1223"]
[BlackElo "1570"]
[PlyCount "48"]


1. e4 e6 2. g3 d5 3. exd5 exd5 4. Bg2 c6 5. Ne2 Nf6 6. O-O Be7 7. d4 O-O 8. Re1
Bf5 9. Nd2 Na6 10. a3 Nc7 11. Nf3 Bd6 12. Ne5 Nd7 13. Nxd7 Qxd7 14. Bf4 Rfe8
15. Bxd6 Qxd6 16. c3 Re7 17. Nf4 Rae8 18. Rxe7 Rxe7 19. Qd2 Ne6 20. Nxe6 Qxe6
21. Kf1 h6 22. Re1 Bd3+ 23. Kg1 Qxe1+ 24. Qxe1 Rxe1+ 0-1

[Event "13sen.WMH 2003 Senioren"]
[Site "Bad Zwischenahn(17.11.-29.11.2003)"]
[Date "2003.11.29"]
[Round "7"]
[White "Poschmann, Hans"]
[Black "Bodinger, Karl"]
[Result "1/2-1/2"]
[WhiteElo "1533"]
[BlackElo "1394"]
[PlyCount "101"]


1. d4 Nf6 2. c4 e6 3. Nf3 d5 4. Nc3 Be7 5. e3 dxc4 6. Bxc4 O-O 7. O-O c6 8. a4
a5 9. Qc2 Ne8 10. Bd3 f5 11. Ne2 Nd7 12. e4 Nb6 13. Bd2 g6 14. Bh6 Ng7 15. Ng3
fxe4 16. Nxe4 Rxf3 17. gxf3 Qxd4 18. Be3 Qd8 19. Rad1 Nd5 20. Bc4 Qf8 21. Qe2
Nf5 22. Bg5 Bxg5 23. Nxg5 Qf6 24. Ne4 Qh4 25. Qd2 Bd7 26. Qg5 Re8 27. Bxd5
Qxg5+ 28. Nxg5 exd5 29. Rfe1 Rd8 30. Ne6 Rc8 31. Nc5 Rc7 32. Nxd7 Rxd7 33. Kg2
Kf7 34. Rc1 Rd6 35. Red1 Ke6 36. Rc2 d4 37. Rc5 b6 38. Re1+ Kd7 39. Rce5 d3 40.
Rd1 c5 41. Re4 Kc6 42. b3 b5 43. axb5+ Kxb5 44. Kf1 h5 45. Ke1 g5 46. Rd2 Rd5
47. Kd1 Nh4 48. Re3 c4 49. bxc4+ Kxc4 50. Ra2 Kb3 51. Rd2 1/2-1/2

[Event "13sen.WMH 2003 Senioren"]
[Site "Bad Zwischenahn(17.11.-29.11.2003)"]
[Date "2003.11.29"]
[Round "7"]
[White "Rehe, Walter"]
[Black "Gohlke, Karl-Heinz"]
[Result "1-0"]
[WhiteElo "1956"]
[BlackElo "1880"]
[PlyCount "75"]


1. e4 c5 2. Nc3 Nc6 3. g3 g6 4. Bg2 Bg7 5. d3 b6 6. Nge2 e6 7. Bf4 e5 8. Be3
Nge7 9. Qd2 d6 10. Bh6 O-O 11. Bxg7 Kxg7 12. O-O Rb8 13. a4 Be6 14. f4 f5 15.
Rf2 Qd7 16. Raf1 Nd4 17. b3 a6 18. Nd5 Bxd5 19. exd5 b5 20. axb5 axb5 21. Re1
b4 22. fxe5 dxe5 23. Qe3 Nxd5 24. Qxe5+ Nf6 25. Qxc5 Rfe8 26. Kf1 Ne6 27. Qe5
Kf7 28. h3 Rb5 29. Qb2 Nd5 30. Bxd5 Qxd5 31. Ng1 Nd4 32. Rxe8 Kxe8 33. Rf4 Ne6
34. Qh8+ Nf8 35. Rc4 Rc5 36. Rxb4 Rxc2 37. Rb8+ Kd7 38. Qg7+ 1-0

[Event "13sen.WMH 2003 Senioren"]
[Site "Bad Zwischenahn(17.11.-29.11.2003)"]
[Date "2003.11.29"]
[Round "7"]
[White "Reimann, Wolfgang"]
[Black "Mueller, Hartmut Dieter"]
[Result "0-1"]
[WhiteElo "1350"]
[BlackElo "1425"]
[PlyCount "82"]


1. d4 Nf6 2. Nf3 e6 3. c4 d5 4. cxd5 exd5 5. e3 a6 6. Be2 Bb4+ 7. Bd2 Bd6 8.
Nc3 c6 9. Qc2 Qe7 10. O-O Nbd7 11. Rfe1 Ne4 12. Bd3 f5 13. Bf1 Ndf6 14. g3 O-O
15. Bg2 Qf7 16. Rf1 Qh5 17. Nh4 g5 18. Bf3 Qh6 19. Ng2 g4 20. Be2 Qh5 21. f3
gxf3 22. Bxf3 Qg6 23. Nh4 Qg5 24. Be1 Qxe3+ 25. Bf2 Qg5 26. Rae1 f4 27. Bxe4
dxe4 28. Nxe4 Nxe4 29. Qxe4 Bh3 30. Ng2 f3 31. Be3 Qf6 32. Bf4 Bxg2 33. Rf2
Bxf4 34. gxf4 Qxf4 35. Qe6+ Qf7 36. Qe5 Rae8 37. Qg5+ Kh8 38. Re5 Rg8 39. Qe3
Qg6 40. Rd2 Qb1+ 41. Kf2 Qf1# 0-1

[Event "13sen.WMH 2003 Senioren"]
[Site "Bad Zwischenahn(17.11.-29.11.2003)"]
[Date "2003.11.29"]
[Round "7"]
[White "Rettler, Heinz"]
[Black "Mueller, Heinz[41Sandersd]"]
[Result "1-0"]
[WhiteElo "1879"]
[BlackElo "1777"]
[PlyCount "97"]


1. e4 c5 2. Nf3 d6 3. d4 cxd4 4. Nxd4 Nf6 5. Nc3 a6 6. f4 Bg4 7. Nf3 Nc6 8. h3
Bxf3 9. Qxf3 Rc8 10. Bd3 Nb4 11. O-O e6 12. Be3 Be7 13. a3 Nc6 14. Kh1 O-O 15.
Rae1 Qc7 16. Bg1 Rfd8 17. Re2 g6 18. g4 b5 19. Rg2 d5 20. e5 Ne8 21. Ne2 Bf8
22. Nd4 Bg7 23. Nxc6 Qxc6 24. Bd4 Qc7 25. Re2 Rd7 26. f5 Qd8 27. f6 Bf8 28. g5
Bc5 29. c3 Bxd4 30. cxd4 Qb6 31. Qf2 Rdc7 32. Kg2 Rc1 33. Rxc1 Rxc1 34. Rd2 Qd8
35. h4 Nc7 36. Rc2 Rxc2 37. Qxc2 Ne8 38. Qc6 Nc7 39. Kf3 Kf8 40. Ke3 Kg8 41.
Be2 Qb8 42. Qd6 Qc8 43. Qc6 Qb8 44. b4 Kf8 45. h5 Kg8 46. hxg6 hxg6 47. Bd3 Kf8
48. Qd7 Ne8 49. Qe7+ 1-0

[Event "13sen.WMH 2003 Senioren"]
[Site "Bad Zwischenahn(17.11.-29.11.2003)"]
[Date "2003.11.29"]
[Round "7"]
[White "Rickers, Gerd"]
[Black "Petrasch, Klaus"]
[Result "1/2-1/2"]
[WhiteElo "1957"]
[BlackElo "1914"]
[PlyCount "28"]


1. d4 Nf6 2. Nf3 d5 3. c4 c6 4. cxd5 cxd5 5. Nc3 Nc6 6. Bf4 a6 7. e3 Bg4 8. Be2
Bxf3 9. Bxf3 e6 10. O-O Bd6 11. Bxd6 Qxd6 12. Rc1 b5 13. Nb1 O-O 14. Qd2 Rfc8
1/2-1/2

[Event "13sen.WMH 2003 Senioren"]
[Site "Bad Zwischenahn(17.11.-29.11.2003)"]
[Date "2003.11.29"]
[Round "7"]
[White "Ristic, Sreten"]
[Black "Brandt, Fred"]
[Result "1-0"]
[WhiteElo "1772"]
[BlackElo "1641"]
[PlyCount "129"]


1. d4 d5 2. c4 e6 3. Nf3 Be7 4. Nc3 c6 5. cxd5 exd5 6. Bf4 Nf6 7. e3 Bf5 8. Be2
Nbd7 9. O-O O-O 10. a3 Nh5 11. Be5 f6 12. Bg3 Nxg3 13. hxg3 Qb6 14. b4 a6 15.
Nd2 Be6 16. Nb3 f5 17. Na4 Qd8 18. Rc1 Rc8 19. Rc3 Bd6 20. Na5 Rc7 21. Qb3 Qe7
22. Rfc1 Nf6 23. Nc5 Bxc5 24. bxc5 Ne4 25. R3c2 h6 26. Rb2 Bc8 27. Rcb1 Rf7 28.
Qd3 Qg5 29. Bf3 h5 30. Rc2 Rce7 31. Re1 h4 32. gxh4 Qxh4 33. Qf1 g5 34. g3 Qh6
35. Qg2 g4 36. Bxe4 fxe4 37. Kf1 Rf3 38. Ke2 Ref7 39. Kd1 Qf8 40. Ree2 Qd8 41.
Nb3 b6 42. Kc1 bxc5 43. dxc5 Rb7 44. Rc3 a5 45. a4 Bd7 46. Ra2 Qf6 47. Nd4 Qe5
48. Qf1 Qb8 49. Ra1 Rf7 50. Rc2 Qxg3 51. Qe1 Qg2 52. f4 Qh3 53. Raa2 g3 54. Rg2
Rg7 55. Qg1 Rb4 56. Ne2 Rc4+ 57. Kb1 Rxc5 58. Nxg3 Rg4 59. Nf1 Rc4 60. Nh2 Rb4+
61. Kc1 Qh8 62. Nxg4 Qc3+ 63. Rgc2 Qb3 64. Ne5+ Kh7 65. Qg6+ 1-0

[Event "13sen.WMH 2003 Senioren"]
[Site "Bad Zwischenahn(17.11.-29.11.2003)"]
[Date "2003.11.29"]
[Round "7"]
[White "Roth, Reinhard"]
[Black "Fleischer, Martin"]
[Result "1-0"]
[WhiteElo "1827"]
[BlackElo "1681"]
[PlyCount "114"]


1. e4 e6 2. d4 d5 3. e5 c5 4. c3 Nc6 5. Nf3 a6 6. Bd3 Qc7 7. O-O b5 8. a3 Bb7
9. Be3 Qb6 10. b4 c4 11. Bc2 Nge7 12. h4 h6 13. Nbd2 g6 14. g4 a5 15. a4 axb4
16. axb5 Qxb5 17. Rxa8+ Bxa8 18. Qa1 Bb7 19. Ba4 Qb6 20. cxb4 Qd8 21. Rb1 Bg7
22. b5 Na5 23. b6+ Nec6 24. g5 Bf8 25. Qc3 Qa8 26. Ra1 hxg5 27. Bxc6+ Bxc6 28.
Rxa5 Qb7 29. Bxg5 Qxb6 30. Qa1 Be7 31. Bf6 Bxf6 32. exf6 O-O 33. Qc3 Qd8 34.
Ne5 Bb7 35. Ng4 e5 36. Qe3 Qd7 37. Nxe5 Qf5 38. Qg5 c3 39. Qxf5 gxf5 40. Nb3
Rc8 41. Ra7 Rc7 42. Nc5 c2 43. Ned3 Rc8 44. Rxb7 Ra8 45. Nb3 Ra3 46. Ndc1 Ra6
47. Rd7 Rxf6 48. Rxd5 Kg7 49. Rc5 f4 50. Rxc2 Rh6 51. Kg2 Rxh4 52. Kf3 Kf6 53.
Ke4 Ke6 54. d5+ Kd6 55. Rc6+ Ke7 56. Ke5 Rh3 57. Nd4 Rh1 1-0

[Event "13sen.WMH 2003 Senioren"]
[Site "Bad Zwischenahn(17.11.-29.11.2003)"]
[Date "2003.11.29"]
[Round "7"]
[White "Rudolph, Joachim"]
[Black "Fries, Karl-Heinz"]
[Result "1/2-1/2"]
[WhiteElo "1653"]
[BlackElo "1744"]
[PlyCount "59"]


1. f4 d5 2. e3 f5 3. Nf3 Nf6 4. b3 e6 5. Bb2 Be7 6. Be2 O-O 7. O-O c6 8. Ne5
Nbd7 9. Bf3 Ne4 10. d3 Nef6 11. Nd2 Qb6 12. Qe2 Bc5 13. d4 Bd6 14. c4 Qd8 15.
c5 Bxe5 16. dxe5 Ne4 17. Bxe4 fxe4 18. Bd4 b6 19. b4 a5 20. Qg4 Rf5 21. cxb6
axb4 22. Nb3 Ba6 23. Rfc1 Bc4 24. b7 Rb8 25. Nd2 Rxb7 26. Nxc4 dxc4 27. Rxc4
Nb8 28. Rd1 Rd7 29. Rdc1 Qa5 30. Qe2 1/2-1/2

[Event "13sen.WMH 2003 Senioren"]
[Site "Bad Zwischenahn(17.11.-29.11.2003)"]
[Date "2003.11.29"]
[Round "7"]
[White "Rueggeberg, Wilhelm"]
[Black "Bredendick, Franz"]
[Result "0-1"]
[WhiteElo "1777"]
[BlackElo "1792"]
[PlyCount "128"]


1. d4 d5 2. c4 e6 3. Nf3 Nf6 4. Nc3 c6 5. e3 Bb4 6. Bd2 O-O 7. Qb3 Ba5 8. Be2
Nbd7 9. cxd5 exd5 10. O-O Bc7 11. Rad1 Re8 12. Rfe1 h6 13. Bd3 Ne4 14. Bc1 Ndf6
15. Ne2 Rb8 16. Ng3 Bg4 17. Qc2 Bxf3 18. gxf3 Ng5 19. Kg2 Qd6 20. Re2 h5 21. h4
Ne6 22. Rh1 Nf8 23. Nf5 Qd7 24. Rh3 g6 25. Ng3 Re7 26. Bd2 a5 27. Bc3 Qe8 28.
f4 Ng4 29. f5 Nf6 30. a3 b5 31. b4 a4 32. Bb2 Ne4 33. Bc1 Nd7 34. Qxc6 Ndf6 35.
Qxe8+ Rexe8 36. Rc2 Re7 37. fxg6 fxg6 38. Bxe4 dxe4 39. Rc6 Kf7 40. Rh1 Rb6 41.
Rxb6 Bxb6 42. Bd2 Rc7 43. Rc1 Rxc1 44. Bxc1 Ke6 45. Bb2 Kd5 46. Ne2 Bc7 47. Kf1
Kc4 48. Ke1 Nd5 49. Kd2 Bd8 50. Nf4 Nxf4 51. exf4 Bxh4 52. Ke3 Kd5 53. f3 exf3
54. Kxf3 Bf6 55. Ke3 h4 56. Kf3 Bxd4 57. Bc1 Bf6 58. Kg4 Ke4 59. Kh3 Kd3 60.
Kg4 h3 61. Kxh3 Bd4 62. f5 gxf5 63. Kg3 Ke2 64. Bg5 Bb2 0-1

[Event "13sen.WMH 2003 Senioren"]
[Site "Bad Zwischenahn(17.11.-29.11.2003)"]
[Date "2003.11.29"]
[Round "7"]
[White "Rychlik, Kurt"]
[Black "Werchan, Hans,Dr."]
[Result "0-1"]
[WhiteElo "1868"]
[BlackElo "2022"]
[PlyCount "80"]


1. d4 Nf6 2. c4 g6 3. Nc3 Bg7 4. e4 d6 5. Be2 O-O 6. Bg5 Nbd7 7. Qd2 Re8 8. f3
c6 9. Nh3 Qa5 10. Nf2 a6 11. a3 e5 12. b4 Qc7 13. d5 c5 14. O-O b6 15. g4 Kh8
16. h4 Ng8 17. Kg2 f6 18. Be3 f5 19. Nh3 Ndf6 20. g5 Nh5 21. Bd3 f4 22. Bg1 h6
23. Ne2 Qd7 24. Nf2 hxg5 25. hxg5 Qe7 26. Nh3 Bxh3+ 27. Kxh3 Qxg5 28. Bf2 Bf6
29. Rh1 Re7 30. Rag1 Qh6 31. Kg2 Rh7 32. a4 a5 33. bxc5 bxc5 34. Rb1 Bd8 35.
Qb2 Raa7 36. Qb8 Qg5+ 37. Kf1 Ng3+ 38. Nxg3 fxg3 39. Rxh7+ Rxh7 40. Bg1 Qd2 0-1

[Event "13sen.WMH 2003 Senioren"]
[Site "Bad Zwischenahn(17.11.-29.11.2003)"]
[Date "2003.11.29"]
[Round "7"]
[White "Sarkosch, Nerssi,Dr."]
[Black "Rauscher, Erwin[23AUT]"]
[Result "1-0"]
[WhiteElo "1646"]
[BlackElo "1369"]
[PlyCount "85"]


1. c4 c5 2. g3 Nc6 3. Bg2 g6 4. Nc3 Bg7 5. e4 d6 6. Nge2 Rb8 7. d3 Bd7 8. O-O
a6 9. a4 e6 10. Rb1 Nge7 11. Be3 O-O 12. d4 cxd4 13. Nxd4 Qc7 14. b3 Rfd8 15.
Qd2 Nxd4 16. Bxd4 Bxd4 17. Qxd4 Bc6 18. Rbc1 Be8 19. Qf6 Nc6 20. Kh1 Qe7 21.
Qf4 Kg7 22. Qe3 Qf6 23. Rfd1 Qe7 24. f4 f6 25. Rd2 Rd7 26. Rcd1 Bf7 27. e5 Rbd8
28. exf6+ Qxf6 29. Ne4 Qe7 30. Bh3 h6 31. Qc3+ e5 32. Bxd7 Rxd7 33. fxe5 Nxe5
34. Nxd6 Kh7 35. Nxf7 Rxd2 36. Qxd2 Qxf7 37. Qd5 Qf6 38. Qxb7+ Nf7 39. Qd5 Kg8
40. c5 Kh7 41. c6 Ng5 42. c7 Nh3 43. Qd7+ 1-0

[Event "13sen.WMH 2003 Senioren"]
[Site "Bad Zwischenahn(17.11.-29.11.2003)"]
[Date "2003.11.29"]
[Round "7"]
[White "Sattler, Franz"]
[Black "Fehres, Werner"]
[Result "1-0"]
[WhiteElo "1884"]
[BlackElo "1788"]
[PlyCount "133"]


1. c4 e5 2. Nc3 d6 3. Nf3 Nf6 4. d4 Nbd7 5. e4 c6 6. Be2 Be7 7. O-O O-O 8. Qc2
Qc7 9. h3 Ne8 10. Be3 b6 11. Rac1 Bb7 12. d5 c5 13. Nh2 Bc8 14. f4 exf4 15.
Bxf4 Ne5 16. Bxe5 dxe5 17. Bg4 a6 18. Rf3 Qd6 19. Rcf1 f6 20. Bxc8 Rxc8 21. Ng4
Rc7 22. Ne3 g6 23. Qa4 Ra7 24. Qc2 Bd8 25. Qf2 Rg7 26. g4 Be7 27. Kh1 Rgf7 28.
a4 Ng7 29. Rg1 Kh8 30. b3 Bd8 31. Ne2 Bc7 32. Ng3 Qd7 33. Qe2 Rb8 34. Rgf1 Bd8
35. Kg2 b5 36. g5 f5 37. exf5 Bxg5 38. axb5 axb5 39. fxg6 Rxf3 40. Qxf3 bxc4
41. bxc4 hxg6 42. Qg4 Qxg4 43. Nxg4 Rb2+ 44. Rf2 Rb4 45. Ne4 Bf4 46. Nxc5 Rxc4
47. Ne6 Nf5 48. Ra2 Rc8 49. Nxf4 exf4 50. Rd2 Rd8 51. Ne5 Kg7 52. Kf3 g5 53.
Ke4 Nd6+ 54. Kf3 Kf6 55. Ng4+ Kg6 56. Re2 Nf5 57. Re6+ Kh5 58. Ke4 Nd6+ 59. Ke5
Nc4+ 60. Kd4 Kh4 61. Rh6+ Kg3 62. Kxc4 f3 63. d6 f2 64. Nxf2 Kxf2 65. Kd5 Kg3
66. Rh7 Rf8 67. Ke6 1-0

[Event "13sen.WMH 2003 Senioren"]
[Site "Bad Zwischenahn(17.11.-29.11.2003)"]
[Date "2003.11.29"]
[Round "7"]
[White "Schlag, Franz"]
[Black "Gudat, Alfons"]
[Result "1/2-1/2"]
[WhiteElo "1976"]
[BlackElo "1986"]
[PlyCount "133"]


1. e4 e6 2. Nf3 d5 3. e5 c5 4. b4 cxb4 5. a3 Nc6 6. axb4 Bxb4 7. c3 Be7 8. d4
f6 9. Bb5 Bd7 10. Bxc6 bxc6 11. O-O f5 12. Na3 Nh6 13. c4 Nf7 14. c5 O-O 15.
Nc2 g5 16. Nfe1 Kh8 17. Ra3 Rg8 18. Bd2 g4 19. Nd3 Ng5 20. Kh1 Ne4 21. Be1 Qf8
22. Nf4 Qh6 23. Bd2 Bg5 24. g3 Nxd2 25. Qxd2 Bxf4 26. Qxf4 Qxf4 27. gxf4 Rgb8
28. Ra2 Rb7 29. Rfa1 Kg8 30. Kg2 Kf8 31. Ra3 Ke7 32. R1a2 Be8 33. Kg3 Kd8 34.
Ne3 Kc8 35. Ra6 Kb8 36. R6a4 Rb5 37. h3 gxh3 38. Kxh3 a5 39. Kg3 Rb4 40. Rxb4+
axb4 41. Rb2 Ra4 42. Nc2 Kc7 43. Rxb4 Ra2 44. Ne3 Bh5 45. f3 Be8 46. Ng2 Ra3
47. Nh4 Bd7 48. Ng2 Bc8 49. Ne1 Ba6 50. Rb2 Ra1 51. Ng2 Bb5 52. Rd2 Rh1 53. Ne3
Rh6 54. Rh2 Rxh2 55. Kxh2 Bd3 56. Kg3 Be2 57. Kf2 Ba6 58. Kg3 Kd7 59. Kh4 Ke7
60. Kh5 Kf7 61. Kh6 Kg8 62. Ng2 Be2 63. Ne1 Bd1 64. Nd3 Ba4 65. Nb4 Bb5 66. Nc2
Ba4 67. Nb4 1/2-1/2

[Event "13sen.WMH 2003 Senioren"]
[Site "Bad Zwischenahn(17.11.-29.11.2003)"]
[Date "2003.11.29"]
[Round "7"]
[White "Schneider, Miloca"]
[Black "Loesche, Heinz"]
[Result "1-0"]
[WhiteElo "1818"]
[BlackElo "1784"]
[PlyCount "107"]


1. d4 e6 2. c4 Nf6 3. Nc3 Bb4 4. Bd2 O-O 5. Nf3 b6 6. e3 Bb7 7. Be2 d5 8. O-O
Nbd7 9. Nxd5 Nxd5 10. cxd5 Bxd2 11. dxe6 Bxe3 12. exf7+ Rxf7 13. fxe3 Kh8 14.
Bc4 Rf6 15. Qe2 Qe7 16. Nd2 Re8 17. Rae1 c5 18. Rxf6 Nxf6 19. Nf3 Bxf3 20. gxf3
cxd4 21. exd4 Qd8 22. Be6 Qxd4+ 23. Kg2 Rf8 24. Qe3 Qb4 25. Bb3 Rd8 26. Re2 h6
27. Bf7 Nd5 28. Bxd5 Rxd5 29. Qe8+ Kh7 30. Qe4+ Qxe4 31. fxe4 Re5 32. Kf3 g5
33. Rd2 Kg6 34. Rd7 Rb5 35. b3 a5 36. Rd6+ Kh5 37. Rd5 Rxd5 38. exd5 Kg6 39. d6
Kf6 40. Kg4 Ke6 41. Kh5 g4 42. Kxh6 Kxd6 43. Kg5 Kc5 44. Kxg4 Kb4 45. h4 Ka3
46. h5 Kxa2 47. h6 Kxb3 48. h7 a4 49. h8=Q a3 50. Kf4 Ka2 51. Qg8+ Kb2 52. Qg7+
Ka2 53. Qf7+ Kb2 54. Qf6+ 1-0

[Event "13sen.WMH 2003 Senioren"]
[Site "Bad Zwischenahn(17.11.-29.11.2003)"]
[Date "2003.11.29"]
[Round "7"]
[White "Schoerghuber, Kurt"]
[Black "Broberg, Horst"]
[Result "1/2-1/2"]
[WhiteElo "1702"]
[BlackElo "1958"]
[PlyCount "102"]


1. e4 e6 2. d4 d5 3. Nd2 Nf6 4. e5 Nfd7 5. f4 c5 6. c3 Nc6 7. Ngf3 cxd4 8. cxd4
Qb6 9. Nb3 a5 10. a4 Be7 11. Bd3 f6 12. Be3 fxe5 13. fxe5 Ndxe5 14. Nxe5 Nxe5
15. Qh5+ Nf7 16. Nc5 Bxc5 17. Bb5+ Bd7 18. dxc5 Qc7 19. O-O Bxb5 20. axb5 O-O
21. Rae1 e5 22. Rf3 g6 23. Rg3 Kh8 24. Rxg6 Rg8 25. Rf6 Rg7 26. Ref1 Kg8 27.
Qf5 Qe7 28. h4 d4 29. Bc1 Rd8 30. h5 h6 31. Bxh6 Nxh6 32. Rxh6 Rf8 33. Qe6+
Qxe6 34. Rxe6 Rd8 35. Rxe5 d3 36. Rd1 Rg4 37. c6 bxc6 38. bxc6 Rc4 39. Rxa5
Rxc6 40. Ra3 d2 41. Rc3 Re6 42. Kf2 Kg7 43. b4 Kh6 44. Re3 Rb6 45. Re4 Kxh5 46.
Ke3 Rdb8 47. Rxd2 Rxb4 48. Rd5+ Kg6 49. g4 Rxe4+ 50. Kxe4 Rb4+ 51. Kf3 Ra4
1/2-1/2

[Event "13sen.WMH 2003 Senioren"]
[Site "Bad Zwischenahn(17.11.-29.11.2003)"]
[Date "2003.11.29"]
[Round "7"]
[White "Schueler, Wolfgang[36Lichtb]"]
[Black "Burreh, Heinz"]
[Result "0-1"]
[WhiteElo "1937"]
[BlackElo "1777"]
[PlyCount "106"]


1. e4 e5 2. Nf3 Nc6 3. Bb5 Nf6 4. d3 d6 5. O-O Bd7 6. c3 Be7 7. Re1 O-O 8. Ba4
h6 9. Nbd2 a6 10. Nf1 b5 11. Bc2 Nh7 12. Ne3 Be6 13. h3 Ng5 14. Nd5 f5 15. Bxg5
Bxg5 16. c4 f4 17. cxb5 axb5 18. Nc3 Rb8 19. Bb3 Bf7 20. Bxf7+ Rxf7 21. Ne2 Bf6
22. Rc1 Qd7 23. Nc3 Nd4 24. Nd5 Nxf3+ 25. Qxf3 c6 26. Nb4 c5 27. Nd5 b4 28. Ra1
Bd8 29. a4 b3 30. Rec1 Ba5 31. Rc4 Rff8 32. Qg4 Qxg4 33. hxg4 Kf7 34. f3 Rh8
35. g3 fxg3 36. Kg2 h5 37. Kxg3 hxg4 38. fxg4 Rh6 39. Rf1+ Ke6 40. g5 Rh5 41.
Kg4 Rbh8 42. Rcc1 Rh4+ 43. Kf3 Rh3+ 44. Ke2 Rh2+ 45. Rf2 Rxf2+ 46. Kxf2 Rh2+
47. Kg3 Rxb2 48. g6 Rd2 49. Rf1 Rxd3+ 50. Kg4 Rxd5 51. exd5+ Kxd5 52. Rf7 b2
53. Rb7 Bb4 0-1

[Event "13sen.WMH 2003 Senioren"]
[Site "Bad Zwischenahn(17.11.-29.11.2003)"]
[Date "2003.11.29"]
[Round "7"]
[White "Schuller, Erhard"]
[Black "Feldmann, Klaus[39Varel]"]
[Result "0-1"]
[WhiteElo "1586"]
[BlackElo "1829"]
[PlyCount "94"]


1. e4 d6 2. d4 Nf6 3. Nc3 c6 4. Be2 Qa5 5. Bd2 Qb6 6. Nf3 Bg4 7. Bc1 Nbd7 8.
O-O e5 9. dxe5 dxe5 10. h3 Bh5 11. Nh4 Bxe2 12. Qxe2 g6 13. Rb1 Bg7 14. Be3 Qc7
15. Nf3 O-O 16. Rfd1 b6 17. Ne1 Rad8 18. Rd2 Rfe8 19. Rbd1 Bf8 20. g3 b5 21. a3
a5 22. f3 b4 23. axb4 Bxb4 24. Rd3 Rc8 25. Qf2 Nf8 26. Na2 Be7 27. Bc5 Bxc5 28.
Qxc5 Ne6 29. Qf2 Rb8 30. b3 Nd4 31. Nc3 Qa7 32. Kg2 Qc7 33. R1d2 Nd7 34. Ne2 c5
35. c3 a4 36. cxd4 axb3 37. Rb2 c4 38. Rc3 Rec8 39. Nc1 Qa5 40. Qe3 exd4 41.
Qxd4 Qa3 42. Ned3 cxd3 43. Rbxb3 Rxc3 44. Qxc3 Rxb3 45. Nxb3 Nc5 46. Qxc5 Qxc5
47. Nxc5 d2 0-1

[Event "13sen.WMH 2003 Senioren"]
[Site "Bad Zwischenahn(17.11.-29.11.2003)"]
[Date "2003.11.29"]
[Round "7"]
[White "Schwarz, Werner[40Fürth]"]
[Black "Bergmann, Hans-Dieter"]
[Result "1-0"]
[WhiteElo "1725"]
[BlackElo "1595"]
[PlyCount "49"]


1. e4 c5 2. Nf3 d6 3. d4 cxd4 4. Nxd4 Nf6 5. Nc3 g6 6. Be3 Bg7 7. Bc4 O-O 8.
Qd2 Ng4 9. Bg5 Qb6 10. Ndb5 a6 11. Nd5 Qc5 12. Nxe7+ Kh8 13. Nxd6 Nxf2 14. Be3
Qe5 15. Nexc8 Nxh1 16. Nxf7+ Rxf7 17. Bxf7 Qc7 18. Be6 Nc6 19. O-O-O Qe5 20.
Qd8+ Nxd8 21. Rxd8+ Bf8 22. Rxf8+ Kg7 23. Rf7+ Kg8 24. Bh6 Rxc8 25. Rf8# 1-0

[Event "13sen.WMH 2003 Senioren"]
[Site "Bad Zwischenahn(17.11.-29.11.2003)"]
[Date "2003.11.29"]
[Round "7"]
[White "Semasev, Kim"]
[Black "Davydov, Mikhail"]
[Result "1-0"]
[WhiteElo "2269"]
[BlackElo "2010"]
[PlyCount "51"]


1. e4 d5 2. exd5 Qxd5 3. Nc3 Qa5 4. d4 Nf6 5. Bc4 Bf5 6. Nf3 e6 7. O-O c6 8.
Qe2 Bd6 9. Re1 O-O 10. h3 Qc7 11. Ne5 h6 12. g4 Bh7 13. f4 Nbd7 14. h4 Nb6 15.
g5 Nfd5 16. Nxd5 exd5 17. Bd3 Bxd3 18. Qxd3 Bxe5 19. dxe5 hxg5 20. hxg5 g6 21.
Bd2 Rae8 22. Qh3 Re6 23. Kf2 f5 24. gxf6 Rexf6 25. exf6 Rxf6 26. Re8+ 1-0

[Event "13sen.WMH 2003 Senioren"]
[Site "Bad Zwischenahn(17.11.-29.11.2003)"]
[Date "2003.11.29"]
[Round "7"]
[White "Semmler, Guenter"]
[Black "Rubinstein, Mark"]
[Result "1/2-1/2"]
[WhiteElo "1951"]
[BlackElo "1938"]
[PlyCount "71"]


1. Nf3 Nf6 2. d4 g6 3. g3 Bg7 4. Bg2 O-O 5. O-O d6 6. c4 Nc6 7. Nc3 e5 8. dxe5
dxe5 9. Bg5 Qxd1 10. Rfxd1 h6 11. Bxf6 Bxf6 12. Nd5 Bd8 13. Rd2 Be6 14. Rad1 f6
15. e3 Kg7 16. h3 Ne7 17. Nxe7 Bxe7 18. b3 Bb4 19. Re2 Rad8 20. Rc1 a5 21. Ne1
c6 22. Nc2 Be7 23. e4 Rd3 24. Ne1 Rd7 25. Nf3 g5 26. Rd2 Rfd8 27. Rcd1 Bb4 28.
Rxd7+ Rxd7 29. Rxd7+ Bxd7 30. Kf1 Kf7 31. Ke2 g4 32. hxg4 Bxg4 33. Kd3 Bc5 34.
Nh2 Be6 35. f3 h5 36. Nf1 1/2-1/2